000 00521ntaaa2200205 4500
003 01
005 20251027202436.0
008 0714s1973 ag 01
040 _aAR-BaBN
_bspa
_cAR-BaBN
_eaacr
_dRIC
082 _a266.0000 C85
100 _aCrawley, Sadie T.
_923296
245 _aWorld awareness
250 _a1 ed.
260 _aNashville :
_bConvention Press,
_c1963
300 _a134 p.
650 _aMisiones
650 _aSociedad Femenil Misionera
_910447
650 _aEducación Misionera
_99362
942 _cBK
999 _c19398
_d19398